[Event "Gibraltar Masters"]
[Site "Catalan Bay"]
[Date "2004.01.27"]
[Round "1"]
[White "Kuzmin, Alexey"]
[Black "Womacka, Mathias"]
[Result "1-0"]
[WhiteElo "2570"]
[BlackElo "2447"]
[PlyCount "103"]
[EventDate "2004.01.27"]
[Source "Roberto Alvarez"]
[SourceDate "2004.02.09"]

1. d4 Nf6 2. c4 e6 3. Nf3 c5 4. d5 exd5 5. cxd5 d6 6. Nc3 g6 7. Bf4 Bg7 8. Qa4+ Bd7 9. Qb3 b5 10. Bxd6 Qb6 11. Be5 O-O 12. e3 c4 13. Qd1 b4 14. Nb1 Bb5 15. a4 Ba6 16. Nbd2 c3 17. bxc3 Nxd5 18. Bxg7 Kxg7 19. cxb4 Bxf1 20. Kxf1 Nxb4 21. h4 h5 22. Qb3 N8c6 23. Nc4 Qa6 24. Kg1 Rab8 25. Kh2 Nd5 26. Qd3 Rfd8 27. Rhc1 Ncb4 28. Qf1 Nf6 29. Kg1 Ng4 30. Nce5 Qf6 31. Nxg4 hxg4 32. Ng5 Nd3 33. Rc7 Ne5 34. Rb1 Rh8 35. Rxb8 Rxb8 36. Qc1 Rb2 37. Ne4 Qb6 38. Qc3 Rb1+ 39. Kh2 Qb2 40. Qxb2 Rxb2 41. Rxa7 Kf8 42. Kg3 Nd3 43. Rd7 Nc1 44. Nd6 f5 45. h5 gxh5 46. Nxf5 Ne2+ 47. Kh4 Nc3 48. a5 Ra2 49. Kxh5 Rxa5 50. Kxg4 Ne4 51. Rd8+ Kf7 52. Nd6+ 1-0

[Event "Graz op-A"]
[Site "?"]
[Date "1999.??.??"]
[Round "8"]
[White "Volzhin Alexander"]
[Black "Kekelidze Mikheil"]
[Result "1-0"]
[WhiteElo "2569"]
[BlackElo "2446"]
[PlyCount "57"]
[EventDate "1999.??.??"]
[Source "www.chesslib.no"]
[SourceDate "2004.05.04"]

1. d4 Nf6 2. c4 c5 3. d5 e6 4. Nc3 exd5 5. cxd5 d6 6. Nf3 g6 7. Bf4 Bg7 8. Qa4+ Bd7 9. Qb3 b5 10. Bxd6 Qb6 11. Be5 O-O 12. e3 c4 13. Qd1 Na6 14. a4 b4 15. Nb5 Bxb5 16. axb5 Nc7 17. Bxc4 Nxb5 18. O-O a5 19. Bxb5 Qxb5 20. Qd4 Rfd8 21. e4 Ne8 22. Bxg7 Nxg7 23. Rfc1 f5 24. Nd2 Ne6 25. Qe3 f4 26. Qh3 Nc5 27. Nb3 Rdc8 28. Rxa5 Qb6 29. Rcxc5 1-0

[Event "Zemun"]
[Site "Zemun"]
[Date "1980.??.??"]
[Round "?"]
[White "Ivkov, Borislav"]
[Black "Sahovic, Dragutin"]
[Result "1-0"]
[WhiteElo "2530"]
[BlackElo "2485"]
[PlyCount "69"]
[EventDate "1980.??.??"]
[Source "www.chesslib.no"]
[SourceDate "2004.05.04"]

1. d4 Nf6 2. c4 c5 3. d5 e6 4. Nc3 exd5 5. cxd5 d6 6. Nf3 g6 7. Bf4 Bg7 8. Qa4+ Kf8 9. e4 Nh5 10. Be3 Nd7 11. Qc2 a6 12. a4 Rb8 13. Be2 Nhf6 14. Nd2 Ne8 15. O-O Ne5 16. f4 Ng4 17. Bxg4 Bxg4 18. f5 gxf5 19. exf5 Rg8 20. Nce4 Qh4 21. Nc4 b5 22. axb5 axb5 23. Ncxd6 Be5 24. Bf4 Bxf4 25. Rxf4 Nxd6 26. Qxc5 Qh6 27. Rf2 Rc8 28. Qxd6+ Qxd6 29. Nxd6 Rd8 30. Nxb5 Rxd5 31. f6 Rd8 32. Rd2 Rb8 33. h3 Be6 34. Rad1 Re8 35. Rd8 1-0

[Event "XXIII Open"]
[Site "Reykjavik ISL"]
[Date "2008.03.08"]
[Round "6.8"]
[White "Lie, Kjetil A"]
[Black "Arakhamia-Grant, Ketevan"]
[Result "1-0"]
[WhiteElo "2556"]
[BlackElo "2457"]
[PlyCount "100"]
[EventDate "2008.03.03"]
[Source "www.chesslib.no"]
[SourceDate "2004.05.04"]

1. d4 Nf6 2. Nf3 e6 3. c4 c5 4. d5 exd5 5. cxd5 d6 6. Nc3 g6 7. Nd2 Bg7 8. Nc4 O-O 9. Bf4 Ne8 10. Qd2 b6 11. e3 Ba6 12. a4 f5 13. Nb5 Bxb5 14. axb5 Rf7 15. Be2 a6 16. O-O Rfa7 17. bxa6 Nxa6 18. Ra3 Qc7 19. e4 fxe4 20. Re3 b5 21. Na3 Qf7 22. g3 Nac7 23. Nxb5 Nxb5 24. Bxb5 Rb8 25. Qe2 Nc7 26. Bc4 Rxb2 27. Qg4 Ne8 28. Rxe4 Nf6 29. Qc8+ Qf8 30. Qe6+ Qf7 31. Bxd6 Nxe4 32. Qxe4 Ra5 33. Bf4 Rb4 34. Bd2 Raa4 35. Bxb4 Rxb4 36. Rc1 Bd4 37. Qf4 Qxf4 38. gxf4 Kf8 39. Rc2 Ke7 40. Kg2 Kd6 41. Kg3 Rb2 42. Rxb2 Bxb2 43. Kg4 Bf6 44. f5 Ke5 45. fxg6 hxg6 46. Bb3 Be7 47. f4+ Kd4 48. h4 c4 49. Bc2 Kxd5 50. Bxg6 Ke6 1-0

[Event "XXX Open"]
[Site "Andorra la Vella"]
[Date "2003.??.??"]
[Round "7"]
[White "Oms Pallise, Josep"]
[Black "Marin, Mihail"]
[Result "1-0"]
[WhiteElo "2475"]
[BlackElo "2535"]
[PlyCount "133"]
[EventDate "2003.07.05"]
[Source "Roberto Alvarez"]
[SourceDate "2003.07.21"]

1. d4 Nf6 2. c4 e6 3. Nf3 c5 4. d5 exd5 5. cxd5 d6 6. Nc3 g6 7. h3 a6 8. a4 Qe7 9. g3 Bg7 10. Bg2 O-O 11. O-O Nbd7 12. Bf4 Nh5 13. Bg5 f6 14. Bd2 f5 15. Rb1 Ndf6 16. Ne1 Bd7 17. Nc2 b5 18. b4 c4 19. axb5 axb5 20. Be3 f4 21. gxf4 Ne8 22. Nd4 Nxf4 23. Bxf4 Rxf4 24. Ne6 Bxe6 25. dxe6 Nc7 26. Bxa8 Bxc3 27. Bg2 Qxe6 28. e3 Rf8 29. Qc2 Bf6 30. Rbd1 d5 31. Qa2 Qc6 32. Qe2 Kg7 33. Rd2 Bc3 34. Ra2 Qf6 35. Rd1 d4 36. exd4 Bxb4 37. Qe5 Bd6 38. Qxf6+ Kxf6 39. Ra7 Rb8 40. Rc1 Rb6 41. Rc3 Kg5 42. Kf1 h5 43. Ke2 Ne6 44. Ke3 Nf4 45. Be4 Nxh3 46. Rb7 Ng1 47. f4+ Bxf4+ 48. Kf2 Rxb7 49. Bxb7 Bd2 50. Rc2 Nh3+ 51. Kg3 c3 52. Kxh3 Kf4 53. Ba6 b4 54. Bc4 g5 55. d5 Be1 56. Kg2 g4 57. Re2 Bh4 58. d6 Bd8 59. Bd5 Ba5 60. Re4+ Kf5 61. Re8 h4 62. Bb3 Kf4 63. d7 h3+ 64. Kh2 Kf3 65. Rf8+ Ke3 66. d8=Q Bxd8 67. Rxd8 1-0

[Event "It (Open) Dos Hermanas ESP"]
[Site "?"]
[Date "2006.04.03"]
[Round "5"]
[White "Dias Paulo"]
[Black "Milov Vadim"]
[Result "0-1"]
[WhiteElo "2370"]
[BlackElo "2638"]
[PlyCount "57"]
[EventDate "2006.??.??"]
[Source "www.chesslib.no"]
[SourceDate "2004.05.04"]

1. d4 Nf6 2. c4 e6 3. Nf3 c5 4. d5 d6 5. Nc3 exd5 6. cxd5 g6 7. Nd2 Nbd7 8. e4 a6 9. a4 Qe7 10. Be2 g5 11. Nc4 Rg8 12. O-O Ne5 13. Nb6 Rb8 14. Rb1 Nfd7 15. Nxc8 Rxc8 16. Qc2 g4 17. Kh1 Qh4 18. Nd1 Nf3 19. Bf4 Qf6 20. gxf3 Qxf4 21. Qc1 Qe5 22. Qc3 gxf3 23. Bxf3 Qg5 24. Qe3 Qg6 25. Nc3 Bh6 26. Qe2 Qf6 27. Rg1 Ke7 28. Bg4 Bf4 29. Bxd7 0-1

[Event "56th ch-YUG, Herceg Novi YUG"]
[Site "?"]
[Date "2001.??.??"]
[Round "1"]
[White "Blagojevic, D."]
[Black "Kovacevic, A."]
[Result "1/2-1/2"]
[WhiteElo "2485"]
[BlackElo "2520"]
[PlyCount "90"]
[EventDate "2001.??.??"]
[Source "www.chesslib.no"]
[SourceDate "2004.05.04"]

1. d4 Nf6 2. c4 e6 3. Nf3 c5 4. d5 exd5 5. cxd5 d6 6. Nc3 g6 7. h3 a6 8. a4 Qe7 9. Bf4 Nbd7 10. Nd2 Ne5 11. e4 Bg7 12. Be2 O-O 13. O-O Nfd7 14. Bg3 g5 15. Re1 Re8 16. Nf1 Nf8 17. Ne3 Nfg6 18. a5 Nf4 19. Na4 Neg6 20. Bf1 Rb8 21. Qb3 Bd4 22. Nb6 Qf6 23. Nxc8 Rexc8 24. Rab1 h5 25. Nf5 Be5 26. Bh2 Ne7 27. g3 Nfxd5 28. Nxd6 Bxd6 29. exd5 Ng6 30. Be2 c4 31. Qb6 Ne5 32. Bxh5 Rc5 33. Re2 Nd7 34. Qb4 Qf5 35. Qe1 Nf6 36. Bg4 Nxg4 37. hxg4 Qxg4 38. Re4 Qf5 39. Rd1 Rxd5 40. Rxc4 Rxd1 41. Qxd1 Bc5 42. Qc2 Qxc2 43. Rxc2 Bb4 44. g4 Re8 45. Rc7 Re7 1/2-1/2

[Event "Campionato Rep. Ceca"]
[Site "Praga CEC"]
[Date "2007.02.07"]
[Round "2"]
[White "Polak, T."]
[Black "Simacek, P."]
[Result "1/2-1/2"]
[WhiteElo "2500"]
[BlackElo "2501"]
[PlyCount "108"]
[EventDate "2007.02.06"]
[Source "www.chesslib.no"]
[SourceDate "2004.05.04"]

1. d4 Nf6 2. c4 e6 3. Nf3 c5 4. d5 exd5 5. cxd5 d6 6. Nc3 g6 7. h3 a6 8. a4 Qe7 9. Nd2 Bg7 10. Nc4 Nbd7 11. Bf4 Ne5 12. Bxe5 dxe5 13. e4 O-O 14. Be2 Rb8 15. a5 Ne8 16. Na4 Nd6 17. Nxd6 Qxd6 18. Qc1 Rd8 19. Qxc5 Qxc5 20. Nxc5 b6 21. axb6 Rxb6 22. O-O Bf8 23. Rfc1 Bxc5 24. Rxc5 Rxb2 25. Bxa6 Bxa6 26. Rxa6 Rd7 27. Rac6 Ra7 28. Rc2 Raa2 29. Rxb2 Rxb2 30. g4 Kg7 31. g5 h6 32. h4 hxg5 33. hxg5 Kf8 34. Kg2 Rb3 35. Rc7 Rd3 36. Rc2 Ke8 37. Ra2 Ke7 38. Rb2 Kf8 39. Rb8+ Ke7 40. Rb7+ Ke8 41. Rb1 Ke7 42. Re1 Ke8 43. f3 Rd2+ 44. Kg3 Ke7 45. Ra1 Rb2 46. f4 Rb3+ 47. Kg4 Rb4 48. Re1 Kd6 49. f5 gxf5+ 50. Kxf5 Rb2 51. Rf1 Re2 52. Rf3 Re1 53. Rf2 Re3 54. Rf1 Re2 1/2-1/2

[Event "26th Liechtenstein Open"]
[Site "Triesen LIE"]
[Date "2008.04.28"]
[Round "4"]
[White "Shengelia, D."]
[Black "Neubauer, M."]
[Result "1-0"]
[WhiteElo "2549"]
[BlackElo "2446"]
[PlyCount "58"]
[EventDate "2008.04.25"]
[Source "www.chesslib.no"]
[SourceDate "2004.05.04"]

1. d4 Nf6 2. c4 c5 3. d5 e6 4. Nc3 exd5 5. cxd5 d6 6. Nf3 g6 7. Qa4+ Nbd7 8. e4 a6 9. Bd3 Rb8 10. Qc2 Bg7 11. a4 Ng4 12. Be2 O-O 13. O-O Nge5 14. Nd2 f5 15. f4 Ng4 16. Nf3 c4 17. Kh1 Nc5 18. h3 fxe4 19. Ng5 Nf6 20. Bxc4 b5 21. axb5 axb5 22. Nxb5 h6 23. b4 hxg5 24. bxc5 Nh5 25. Ra3 gxf4 26. Nxd6 f3 27. Nxe4 Bf5 28. Raxf3 Qh4 29. d6+ Kh8 1-0

[Event "Open"]
[Site "Kavala GRE"]
[Date "2007.08.09"]
[Round "6"]
[White "Sanikidze, T."]
[Black "Oleksienko, M."]
[Result "1-0"]
[WhiteElo "2427"]
[BlackElo "2567"]
[PlyCount "117"]
[EventDate "2007.08.05"]
[Source "www.chesslib.no"]
[SourceDate "2004.05.04"]

1. d4 Nf6 2. c4 c5 3. d5 e6 4. Nf3 d6 5. Nc3 exd5 6. cxd5 g6 7. h3 a6 8. a4 Qe7 9. Bf4 Nbd7 10. e3 Bg7 11. Bd3 O-O 12. O-O h6 13. Re1 Nh5 14. Bh2 f5 15. e4 f4 16. e5 Bxe5 17. Bxg6 Ng7 18. Qc2 Kh8 19. Ne4 b6 20. Qd2 Bb7 21. Re2 a5 22. Kh1 Ba6 23. Ree1 Ne8 24. Bxe8 Raxe8 25. Nxe5 dxe5 26. f3 Rg8 27. b3 Rg6 28. Bxf4 exf4 29. Nxc5 Nxc5 30. Rxe7 Rxe7 31. Qxf4 Kh7 32. d6 Reg7 33. Ra2 Rd7 34. Rd2 Bd3 35. b4 axb4 36. Qxb4 Rgxd6 37. Rd1 Nb7 38. Re1 Bg6 39. Kh2 Rg7 40. Qh4 Rd2 41. Re6 Bh5 42. Rxh6+ Kg8 43. Qc4+ Bf7 44. Qf1 Nd6 45. Rh4 Bc4 46. Qg1 Bd5 47. Rd4 Rdxg2+ 48. Qxg2 Rxg2+ 49. Kxg2 Nf5 50. Rb4 Ne3+ 51. Kg3 Nc4 52. Kf4 Kf7 53. Kg5 Ke6 54. f4 Kd6 55. h4 Kc5 56. Rb5+ Kc6 57. h5 Nd6 58. h6 Bg8 59. Kg6 1-0

[Event "RUS-Cup"]
[Site "Moscow"]
[Date "2000.??.??"]
[Round "2"]
[White "Akobian, Varuzhan"]
[Black "Bezgodov, Alexei"]
[Result "1/2-1/2"]
[WhiteElo "2417"]
[BlackElo "2576"]
[PlyCount "38"]
[EventDate "2000.??.??"]
[Source "www.chesslib.no"]
[SourceDate "2004.05.04"]

1. d4 Nf6 2. c4 e6 3. Nc3 c5 4. d5 exd5 5. cxd5 d6 6. Nf3 g6 7. Bg5 Bg7 8. e3 O-O 9. Nd2 Qd7 10. Bd3 Na6 11. Bxa6 bxa6 12. Bh4 Rb8 13. Nc4 Rb4 14. b3 Qg4 15. Qxg4 Nxg4 16. Rc1 Ne5 17. Ne4 Nxc4 18. Rxc4 Bb7 19. O-O Bxd5 1/2-1/2

[Event "II"]
[Site "Moscow II"]
[Date "1987.??.??"]
[Round "?"]
[White "Petrosian, Arshak B"]
[Black "Foisor, Ovidiu"]
[Result "1-0"]
[WhiteElo "2495"]
[BlackElo "2495"]
[PlyCount "72"]
[EventDate "1987.??.??"]
[Source "www.chesslib.no"]
[SourceDate "2004.05.04"]

1. d4 Nf6 2. c4 c5 3. d5 e6 4. Nc3 exd5 5. cxd5 d6 6. Nf3 g6 7. Bf4 a6 8. Nd2 b5 9. a4 Nh5 10. Be3 f5 11. g4 fxg4 12. axb5 Nd7 13. Nc4 Nb6 14. Bg5 Qc7 15. bxa6 Nxc4 16. Qa4+ Kf7 17. Qxc4 Bg7 18. e3 Bf5 19. b4 Rhb8 20. b5 Bd7 21. Be2 h6 22. Bh4 g5 23. Bg3 Bxc3+ 24. Qxc3 Nf6 25. Qa5 Qxa5+ 26. Rxa5 Ke7 27. O-O h5 28. f4 gxf3 29. Rxf3 Ne4 30. Bd3 Nc3 31. Bg6 Be8 32. Bxe8 Kxe8 33. Bxd6 Rxb5 34. Rxb5 Nxb5 35. Rf8+ Kd7 36. Rxa8 Kxd6 1-0

[Event "Saint Vincent ITA"]
[Site "?"]
[Date "1998.??.??"]
[Round "9"]
[White "Efimov Igor"]
[Black "Franco Ocampos Zenon"]
[Result "1-0"]
[WhiteElo "2525"]
[BlackElo "2465"]
[PlyCount "51"]
[EventDate "1998.??.??"]
[Source "www.chesslib.no"]
[SourceDate "2004.05.04"]

1. d4 Nf6 2. c4 e6 3. Nf3 c5 4. d5 d6 5. Nc3 exd5 6. cxd5 g6 7. Bg5 Bg7 8. e3 O-O 9. Nd2 h6 10. Bh4 Na6 11. Be2 Nc7 12. O-O Re8 13. e4 Qd7 14. a4 b6 15. Re1 a6 16. Nc4 Nxe4 17. Bf1 Re7 18. Nxd6 Qh3 19. Ndb5 Re8 20. Qb3 Bb7 21. Rxe4 Bd4 22. Bg5 Bc8 23. Ra3 axb5 24. Re3 Bxc3 25. Bd3 Re6 26. g3 1-0

[Event "Saint Vincent op"]
[Site "Saint Vincent"]
[Date "1998.??.??"]
[Round "9"]
[White "Efimov, Igor"]
[Black "Franco, Zenon"]
[Result "1-0"]
[WhiteElo "2525"]
[BlackElo "2465"]
[PlyCount "51"]
[EventDate "1998.??.??"]
[Source "www.chesslib.no"]
[SourceDate "2004.05.04"]

1. d4 Nf6 2. c4 e6 3. Nf3 c5 4. d5 d6 5. Nc3 exd5 6. cxd5 g6 7. Bg5 Bg7 8. e3 O-O 9. Nd2 h6 10. Bh4 Na6 11. Be2 Nc7 12. O-O Re8 13. e4 Qd7 14. a4 b6 15. Re1 a6 16. Nc4 Rb8 17. Bf3 b5 18. Nxd6 Qxd6 19. e5 Qd8 20. d6 Ne6 21. exf6 Bf8 22. Bg3 Bd7 23. axb5 axb5 24. Nd5 Nd4 25. Ne7+ Kh7 26. Bd5 1-0

[Event "Ciocaltea mem"]
[Site "Bucharest"]
[Date "1999.03.06"]
[Round "3"]
[White "Itkis, Boris"]
[Black "Marin, Mihail"]
[Result "1/2-1/2"]
[WhiteElo "2462"]
[BlackElo "2527"]
[PlyCount "41"]
[EventDate "1999.03.04"]
[Source "ChessBase"]
[SourceDate "1999.06.08"]

1. d4 Nf6 2. Nf3 e6 3. c4 c5 4. d5 d6 5. Nc3 exd5 6. cxd5 g6 7. h3 a6 8. a4 Qe7 9. g3 Bg7 10. Bg2 O-O 11. O-O Nbd7 12. Bf4 Rb8 13. Rb1 h6 14. Qc1 g5 15. Bd2 Nb6 16. h4 g4 17. Nh2 Kh7 18. Qc2+ Kh8 19. b3 Nbd7 20. Qc1 Kh7 21. Qc2+ 1/2-1/2

[Event "Batumi 85/39"]
[Site "?"]
[Date "2002.??.??"]
[Round "?"]
[White "Riazantsev, A."]
[Black "Cheparinov, I."]
[Result "1-0"]
[WhiteElo "2527"]
[BlackElo "2457"]
[PlyCount "111"]
[EventDate "2002.??.??"]
[Source "Chess Informant"]
[SourceDate "2002.06.01"]

1. d4 Nf6 2. c4 e6 3. Nf3 c5 4. d5 exd5 5. cxd5 d6 6. Nc3 g6 7. Bf4 Bg7 8. Qa4+ Bd7 9. Qb3 b5 10. Bxd6 Qb6 11. Be5 O-O 12. e3 c4 13. Qd1 Na6 14. Be2 b4 15. Nb1 Rac8 16. O-O Rfd8 17. Nbd2 Bb5 18. Bd4 Qb7 19. a4 bxa3 20. Rxa3 Nxd5 21. Bxg7 Kxg7 22. Qa1 Kg8 23. Nd4 Ndb4 24. N2f3 Rd5 25. Rc1 Rdc5 26. Rcc3 Bd7 27. Nd2 Bb5 28. Bf3 Qb6 29. Ne4 Re5 30. Nd2 Rec5 31. Ra5 Nd5 32. Rxb5 Rxb5 33. Nxb5 Qxb5 34. Bxd5 Qxd5 35. Nf1 Nc5 36. Qa5 a6 37. h3 Qe6 38. Rc2 Ne4 39. Nd2 Nxd2 40. Rxd2 Rb8 41. Qc7 Rc8 42. Qb7 Kg7 43. Rd7 Rc5 44. Rd8 Rb5 45. Qa8 Rxb2 46. Rg8+ Kf6 47. Qd8+ Qe7 48. Qd4+ Qe5 49. Qh4+ Kf5 50. Qg4+ Kf6 51. Qh4+ Qg5 52. Qxh7 Rb1+ 53. Kh2 Qe5+ 54. f4 Qa1 55. Qg7+ Kf5 56. Qxf7+ 1-0

[Event "Memorial Rey Ardid. IberCaja 2004"]
[Site "Zaragoza"]
[Date "2004.04.13"]
[Round "4.8"]
[White "Garza Marco, Sergio"]
[Black "Cheparinov, Ivan"]
[Result "0-1"]
[WhiteElo "2428"]
[BlackElo "2555"]
[PlyCount "80"]
[EventDate "2004.04.11"]
[Source "Roberto Alvarez"]
[SourceDate "2004.05.03"]

1. d4 Nf6 2. Nf3 e6 3. c4 c5 4. d5 exd5 5. cxd5 d6 6. Nc3 g6 7. h3 a6 8. e4 b5 9. Bd3 Bg7 10. O-O O-O 11. Re1 Re8 12. a3 Nbd7 13. Bf4 Qb6 14. Qd2 Bb7 15. b4 Rac8 16. Rac1 Nh5 17. Bg5 Qc7 18. Ne2 Qb8 19. g4 Nhf6 20. Ng3 c4 21. Bf1 Ne5 22. Nh2 Nfd7 23. Bh6 c3 24. Qf4 Bh8 25. Nf5 gxf5 26. Qg5+ Ng6 27. gxf5 Qa7 28. fxg6 hxg6 29. Ng4 Qd4 30. Rcd1 Qb6 31. h4 c2 32. Rc1 Qd4 33. Bg2 Nf6 34. Nxf6+ Bxf6 35. Qg3 Be5 36. Qb3 Rc3 37. Qa2 Rec8 38. Be3 Qd3 39. Ra1 Rb3 40. Rec1 Rb2 0-1